My Moon My Man - Feist - All Lyrics - Statistics

General Stats
  • This quiz has been taken 86 times
  • The average score is 144 of 190
Answer Stats
Answer % Correct
I
100%
man,
100%
man
100%
moon,
100%
moon
100%
My
100%
my
100%
me
94%
me,
94%
a
89%
easy
89%
it
89%
on
89%
slow,
89%
so
89%
Take
89%
take
89%
and
83%
And
83%
The
83%
the
83%
to
83%
changeable
78%
light,
78%
light
78%
go,
72%
go
72%
please
72%
some
72%
Such
72%
be
67%
loveable
67%
not
67%
shed
67%
but
61%
It's
61%
nowhere
61%
There's
61%
been
56%
sleeve,
56%
where
56%
care,
50%
Heart
50%
high
50%
know
50%
note
50%
as
44%
coat
44%
good
44%
leave
44%
lamb
39%
we've
39%
face,
33%
moon's
33%
should
33%
what
33%
white
33%
again
28%
clean,
28%
dirtiest
28%
of
28%
page
28%
calendar
22%
song's
22%
day
17%
key
17%
out
17%
phase
17%
No matching quizzes found
Score Distribution
Percent of People with Each Score
Percentile by Number Answered
Your Score History
You have not taken this quiz